00508nam a22001337a 4500003000900000005001700009008004100026040002500067082001500092110009100107245007900198260006900277300002800346DO-SdBNP20220117110845.0220117b2012 ||||| |||| 00| 0 spa d aDO-SdBNPbspacBNPHU axxxbR426p aRepública Dominicana.bPresidencia de República Dominicana.ePrograma Solidadridad aPromoviendo derechos y más oportunidades :bmemorias y logros 2006-2011  aSanto Domingo :bPresidencia de la República Dominicana,c2012 a139 p. :bil. ;c27 cm